00661cam a2200193ua 45000010005000000080039000050400009000440820011000531000025000642450093000892500009001822600036001913000017002276530014002446530079002589420007003379990015003449520108003592262110805n ii |||gr||||Z||||||eng cMAIN a370.15 aRai, B. C.,eAuthor.1 aEducational psychology statistics in education and experimental psychologycby B. C. Rai a1st. aLucknow:bPrakashan Kendra,969. a511p:c23cm. aEducation aEducational psychology statistics in education and experimental psychology cBK c2128d2128 00104070aMAINbMAINcGENd2020-09-19l0o370.15 | RAIp11127r2020-09-19 00:00:00t1w2020-09-19yBK